Actors Who Portrayed English Monarchs - Statistics

General Stats
  • This quiz has been taken 242 times
  • The average score is 7 of 15
Answer Stats
Year Movie Monarch Actor % Correct
2010 The King's Speech George VI Colin Firth
85%
2006 The Queen Elizabeth II Helen Mirren
79%
2018,2019–2020 The Favourite,The Crown Anne,Elizabeth II Olivia Colman
79%
1998 Elizabeth Elizabeth Cate Blanchett
71%
1998,2017 Shakespeare in Love,Victoria & Abdul Elizabeth,Victoria Judi Dench
71%
2016–2017 The Crown Elizabeth II Claire Foy
51%
2022– The Crown Elizabeth II Imelda Staunton
42%
2009 The Young Victoria Victoria Emily Blunt
38%
1989 Henry V Henry V Kenneth Branagh
33%
2018 Mary Queen of Scots Elizabeth Morgot Robbie
31%
1994 The Madness of King George George III Nigel Hawthorne
24%
1968 The Lion in Winter Henry II Peter O'Toole
24%
2008 The Other Boleyn Girl Henry VIII Eric Bana
23%
2019 The King Henry V Timothée Chalamet
23%
2010 The King's Speech Edward VIII Guy Pearce
21%
No matching quizzes found
Score Distribution
Percent of People with Each Score
Percentile by Number Answered
Your Score History
You have not taken this quiz